| 000 | 00623nam a2200229Ia 4500 | ||
|---|---|---|---|
| 005 | 20241216005941.0 | ||
| 008 | 180423s9999||||xx |||||||||||||| ||und|| | ||
| 020 | _a968-24-3873-X | ||
| 082 |
_a157.8 _bC88 |
||
| 100 | _aCRUICKSHNK WILLIAM M. | ||
| 245 | 0 |
_aEL NIÑO CON DAÑO CEREBRAL _bEN LA ESCUELA EN EL HOGAR Y EN LA COMUNIDAD |
|
| 250 | _a3 | ||
| 260 |
_aMEXICO _bTRILLAS S.A. _c1994 |
||
| 300 |
_a405 pag. _c23 cm |
||
| 341 | _h0 | ||
| 490 |
_v0 _a0 |
||
| 505 | _aNIÑOS-LENTOS APRENDIZAJE-EDUCACION/ESTUDIO-DROGAS | ||
| 541 |
_aC _d06-Oct-98 |
||
| 650 | _aFILOSOFIA | ||
| 856 | _zHumanidades | ||
| 942 | _cLIBRO | ||
| 999 |
_c1528 _d1528 |
||